Normal view
MARC view
- Kotariya Monica
Entry Personal Name
001 - CONTROL NUMBER
- control field: 181526
003 - CONTROL NUMBER IDENTIFIER
- control field: OSt
005 - DATE AND TIME OF LATEST TRANSACTION
- control field: 20230518150514.0
008 - FIXED-LENGTH DATA ELEMENTS
- fixed length control field: 230518|| aca||aabn | a|a d
040 ## - CATALOGING SOURCE
- Original cataloging agency: OSt
- Transcribing agency: OSt
100 ## - HEADING--PERSONAL NAME
- Personal name: Kotariya Monica
670 ## - SOURCE DATA FOUND
- Source citation: Work cat.: (OSt)158827: Kotariya Monica , Material Flow Analysis Of Purchased Goods To Enable Circular Economy In Educational Building : A Case Study Of BNCA, 2022